The political economy of sexual labour and its commodification : Notes from the field (Record no. 523871)

000 -LEADER
fixed length control field 01451nam a22001457a 4500
008 - FIXED-LENGTH DATA ELEMENTS--GENERAL INFORMATION
fixed length control field 231011b ||||| |||| 00| 0 eng d
100 ## - MAIN ENTRY--PERSONAL NAME
Personal name Daniel, Namrata
245 ## - TITLE STATEMENT
Title The political economy of sexual labour and its commodification : Notes from the field
260 ## - PUBLICATION, DISTRIBUTION, ETC. (IMPRINT)
Place of publication, distribution, etc Social Scientist
300 ## - PHYSICAL DESCRIPTION
Extent 51(7-8), Jul-Aug, 2023: p.77-86
520 ## - SUMMARY, ETC.
Summary, etc This paper focuses on the political economy of sexual relations in a capitalist system, where the relationship is mediated, structured and regulated through four major institutions, the family. Community, market and state. These collectively control and consume women’s domestic and sexual services within the private and public spheres for smooth functioning of the capitalism system. Women labour plays an integral rule in social reproduction processes and reproduces social hierarchies. The failure to connect women’s domestic labour and social precaution results in the treatment of work undertaken by them as unpaid labour, which is not regarded and recognized as an economic activity. This pper studies the commodification of women’s bodies, to argue that violence is an integral part of the strategy of control of women and is structural in character. Violence in the public and private spheres is integral to the strategy of control over women and various forms of their services and labour. – Reproduced
773 ## - HOST ITEM ENTRY
Main entry heading Social Scientist
906 ## - LOCAL DATA ELEMENT F, LDF (RLIN)
Subject DIP WOMEN
942 ## - ADDED ENTRY ELEMENTS (KOHA)
Item type Articles
Holdings
Withdrawn status Lost status Source of classification or shelving scheme Damaged status Not for loan Permanent location Current location Date acquired Serial Enumeration / chronology Barcode Date last seen Koha item type
          Indian Institute of Public Administration Indian Institute of Public Administration 2023-10-11 51(7-8), Jul-Aug, 2023: p.77-86 AR129753 2023-10-11 Articles

Powered by Koha